ბათუმის შოთა რუსთაველის სახელმწიფო უნივერსიტეტის ბიბლიოთეკა

The Principles of Beautiful Web design / (ბიბ.ჩანაწერი № 41170)

000 -LEADER
fixed length control field 00641nam a2200217Ia 4500
001 - CONTROL NUMBER
control field 7820
003 - CONTROL NUMBER IDENTIFIER
control field GE_BSU
005 - DATE AND TIME OF LATEST TRANSACTION
control field 20221114162644.0
008 - FIXED-LENGTH DATA ELEMENTS--GENERAL INFORMATION
fixed length control field 181216s2010||||en |||||||||||||| ||eng||
020 ## - INTERNATIONAL STANDARD BOOK NUMBER
International Standard Book Number 9780980576894x
040 ## - CATALOGING SOURCE
Transcribing agency GE_BSU
041 ## - LANGUAGE CODE
Language code of text/sound track or separate title eng
080 ## - UNIVERSAL DECIMAL CLASSIFICATION NUMBER
Universal Decimal Classification number 7.05 B-34
100 ## - MAIN ENTRY--PERSONAL NAME
Personal name Beaird,Jason
9 (RLIN) 14814
245 #4 - TITLE STATEMENT
Title The Principles of Beautiful Web design /
Statement of responsibility, etc. Jason Beaird
264 ## - PRODUCTION, PUBLICATION, DISTRIBUTION, MANUFACTURE, AND COPYRIGHT NOTICE
Place of production, publication, distribution, manufacture USA :
Name of producer, publisher, distributor, manufacturer Sitepoint,
Date of production, publication, distribution, manufacture, or copyright notice 2010.
300 ## - PHYSICAL DESCRIPTION
Extent 196 p.:
Other physical details Ill.
Dimensions 25 cm.
653 ## - INDEX TERM--UNCONTROLLED
keyword The Principles of Beautiful Web design
653 ## - INDEX TERM--UNCONTROLLED
keyword ლამაზი ვებ დიზაინის პრინციპები
942 ## - ADDED ENTRY ELEMENTS (KOHA)
Koha item type წიგნი
Source of classification or shelving scheme
ეგზემპლარები
Withdrawn status Lost status Source of classification or shelving scheme Damaged status Not for loan Permanent Location Current Location Shelving location Date acquired Cost, normal purchase price Full call number Barcode Date last seen Copy number Price effective from Koha item type Public note
          ბათუმის შოთა რუსთაველის სახელმწიფო უნივერსიტეტის მთავარი ბიბლიოთეკა ტექნოლოგიური ფაკულტეტის ბიბლიოთეკა წიგნსაცავი 2018-12-17 56.00 7.05 B-34 24179 2018-12-17 24179 2018-12-17 წიგნი 56.00